Sound From True Stories (Record n. 100315)

Dettagli MARC
000 -LEADER
fixed length control field 01178njm a2200301Ia 4500
001 - CONTROL NUMBER
control field 40255
003 - CONTROL NUMBER IDENTIFIER
control field IT-RoPAU
005 - DATE AND TIME OF LATEST TRANSACTION
control field 20220918181128.0
008 - FIXED-LENGTH DATA ELEMENTS--GENERAL INFORMATION
fixed length control field 131025s9999 xx 000 0 und d
040 ## - CATALOGING SOURCE
Original cataloging agency IT-RoPAU
040 ## - CATALOGING SOURCE
Transcribing agency IT-RoPAU
041 ## - LANGUAGE CODE
Language code of text/sound track or separate title INGLESE
999 ## - SYSTEM CONTROL NUMBERS (KOHA)
Koha Dewey Subclass [OBSOLETE] n.d.
100 ## - MAIN ENTRY--PERSONAL NAME
Personal name Byrne David
9 (RLIN) 16958
100 ## - MAIN ENTRY--PERSONAL NAME
Relator term Autore musica
9 (RLIN) 21024
100 ## - MAIN ENTRY--PERSONAL NAME
Miscellaneous information Codice autore musica SPICS: 10066
9 (RLIN) 16960
245 ## - TITLE STATEMENT
Title Sound From True Stories
250 ## - EDITION STATEMENT
Edition statement 1a ed.
260 ## - PUBLICATION, DISTRIBUTION, ETC. (IMPRINT)
Place of publication, distribution, etc. ENGLAND
260 ## - PUBLICATION, DISTRIBUTION, ETC. (IMPRINT)
Name of publisher, distributor, etc. EMI RECORDS
Date of publication, distribution, etc. 1986 [1a Ed.:1986 - Ed. Lingua Orig.: 1986]
300 ## - PHYSICAL DESCRIPTION
Extent DISCO
500 ## - GENERAL NOTE
General note Colonna sonora. Musica da film.
505 ## - FORMATTED CONTENTS NOTE
Formatted contents note Cocktail Desperado - Road Song - Freeway Son - Brownie's Theme - Mall Muzak - Dinner Music - Disco Hits! - City of Steel - Love Theme From True Stories - Festa Para Um Rei Negro - Buster's Theme - Soy De Rejas - I Love Metal Buildings - Glass Operator
511 ## - PARTICIPANT OR PERFORMER NOTE
Participant or performer note Finch Carl; Banda Eclipse; Monk Meredith; Allen Terry; Kronos Quartet; Jordan Steve
650 ## - SUBJECT ADDED ENTRY--TOPICAL TERM
Topical term or geographic name as entry element COLONNA SONORA [DISCHI]
Relator term Codice MATERIA SPICS: 9950
9 (RLIN) 21025
700 ## - ADDED ENTRY--PERSONAL NAME
Personal name Byrne David
Miscellaneous information Codice interprete SPICS: 10066
Relator term Interprete
9 (RLIN) 21026
942 ## - ADDED ENTRY ELEMENTS (KOHA)
Koha item type DISCHI
Source of classification or shelving scheme Dewey Decimal Classification
Dati di copia
Withdrawn status Lost status Damaged status Not for loan Home library Current library Date acquired Total Checkouts Full call number Date last seen Price effective from Koha item type Public note
    Buone Condizioni Not For Loan SPICS-MEDIATECA SPICS-MEDIATECA 25/10/2013   40255 25/10/2013 25/10/2013 DISCHI Progr. Ins.: 14058 / N.Vol.: 1 / Copie: 1 - Copia rara: n.d. / date import: 01.01.2014 - By Epidotti, Trombetti, Vaglietti
CREDITS: SOCIETA' SAN PAOLO Via A.Severo, 58 - ROMA (RM) & PERIODICI SAN PAOLO SRL Via Giotto, 36 MILANO & CISF Via Giotto, 36 MILANO & EDIZIONI SAN PAOLO SRL,  Piazza Soncino, 5 CINISELLO BALSAMO (MI) -- ITALY